Flags in the Style of Iran - Statistics

General Stats
  • This quiz has been taken 29 times
  • The average score is 8 of 11
Answer Stats
Picture Answer % Correct
Iran
100%
South Korea
97%
Germany
93%
Israel
93%
Russia
93%
North Korea
86%
Ukraine
83%
Hungary
69%
United States
66%
Maldives
31%
Belarus
21%
No matching quizzes found
Score Distribution
Percent of People with Each Score
Percentile by Number Answered
Your Score History
You have not taken this quiz